Central Library OPAC University of Rajshahi

টেকনিক্যাল রিপোর্ট প্রণয়ন / (Record no. 44209)

MARC details
000 -LEADER
fixed length control field 00846nam a22002177a 4500
001 - CONTROL NUMBER
control field 44209
003 - CONTROL NUMBER IDENTIFIER
rucl marc code BD-RjUL
005 - DATE AND TIME OF LATEST TRANSACTION
control field 20211209053821.0
008 - FIXED-LENGTH DATA ELEMENTS--GENERAL INFORMATION
fixed length control field 160714s1982 bg ||||| |||| 00| 0 ben d
035 ## - SYSTEM CONTROL NUMBER
System control number (BD-RjUL)44327
040 ## - CATALOGING SOURCE
Original cataloging agency BD-RjUL
Language of cataloging ben
Transcribing agency BD-RjUL
041 ## - LANGUAGE CODE
Language code of text/sound track or separate title ben
082 ## - DEWEY DECIMAL CLASSIFICATION NUMBER
Edition number 23
Classification number 371.3
Author mark and year KHT 1982
100 ## - MAIN ENTRY--PERSONAL NAME
Personal name খান, আবদুল খালেক
9 (RLIN) 135744
245 10 - TITLE STATEMENT
Title টেকনিক্যাল রিপোর্ট প্রণয়ন /
Statement of responsibility, etc. আবদুল খালেক খান
260 ## - PUBLICATION, DISTRIBUTION, ETC. (IMPRINT)
Place of publication, distribution, etc. ঢাকা :
Name of publisher, distributor, etc. বাংলা একাডেমী,
Date of publication, distribution, etc. ১৯৮২
300 ## - PHYSICAL DESCRIPTION
Pagination [১৪], ১৪১ পৃ. ;
Size ২১ সেমি.
650 ## - SUBJECT ADDED ENTRY--TOPICAL TERM
Topical term or geographic name as entry element Methods of Instruction and Study
9 (RLIN) 135745
Topical term or geographic name as entry element নির্দেশনা ও অধ্যয়ন পদ্ধতি
9 (RLIN) 135746
942 ## - ADDED ENTRY ELEMENTS (KOHA)
Source of classification or shelving scheme Dewey Decimal Classification
Koha item type Books
Holdings
Lost status Source of classification or shelving scheme Damaged status Not for loan Collection code Permanent Location Current Location Shelving location Date acquired Source of acquisition Cost, normal purchase price Total Checkouts Full call number Date last seen Copy number Koha item type
  Dewey Decimal Classification     Non-fiction Central Library, University of Rajshahi Central Library, University of Rajshahi   01/01/1985 Bangla Academy, Dhaka 24.00   B 371.3 KHT 1982 14/07/2016 C-2 Books